000 00896nam a2200265 a 4500
001 57573
003 BD-RjUL
005 20211209080530.0
008 161210m19759999ii b 001 0 eng
035 _a(BD-RjUL)57697
040 _aDLC
_cDLC
_dEQO
_beng
041 _aeng
082 _a561.13
_223
_bADV 1975
245 0 0 _aAdvances in pollen-spore research :
_bbeing a continuation of Advances in palynology /
_cedited by P. K. K. Nair.
250 _a1st ed.
260 _aNew Delhi :
_bPublished under the auspices of the East Asian Palynological Association by To-day & To-morrow's Printers and Publishers,
_c1975
300 _a v. ;
_c25 cm.
505 _aV.1 --
650 0 _aPalynology.
_9170929
650 0 _aPollen.
_9170958
650 0 _aPlant spores
_9170930
700 1 _aNair, P. K. K.
_q(Parameswaran Krishnan Kutty),
_d1930-
_9170931
942 _2ddc
_cBK
999 _c57573
_d57573